[Event "Bartlesville Quick"]
[Site "Bartlesville"]
[Date "2004.07.31"]
[Round "2"]
[White "Sluch, Ilya"]
[Black "Berry, Jim"]
[Result "0-1"]
[WhiteElo "1500"]
[BlackElo "1800"]
[PlyCount "116"]
[EventDate "2004.07.31"]
[EventType "swiss (rapid)"]
[EventRounds "8"]
[EventCountry "USA"]
[EventCategory "1"]
[SourceTitle "EXT 2006"]
[Source "ChessBase"]
[SourceDate "2005.11.24"]
[SourceVersion "1"]
[SourceVersionDate "2005.11.24"]
[SourceQuality "1"]

1. e4 c6 2. Nc3 d5 3. exd5 cxd5 4. d4 g6 5. Nf3 Bg7 6. Be2 Nf6 7. 0-0 0-0 8. Bg5 Nc6 9. Qd2 Re8 10. Bh6 Bh8 11. Bb5 a6 12. Ba4 b5 13. Bb3 e6 14. Bg5 Qc7 15. a4 b4 16. Ne2 Ne4 17. Qe3 Nxg5 18. Qxg5 Na5 19. Ng3 Nxb3 20. cxb3 Bb7 21. Nh5 Qc2 22. Rac1 Qf5 23. Ng3 Qxg5 24. Nxg5 h6 25. Rc7 hxg5 26. Rxb7 Bxd4 27. Rxb4 Bxb2 28. Rb1 a5 29. Rb5 Ba3 30. Ra1 Bb4 31. Ne2 Rec8 32. Nd4 Bc3 33. Rc1 Bxd4 34. Rxc8+ Rxc8 35. Kf1 Rc2 36. Rxa5 Rxf2+ 37. Ke1 Bc3+ 38. Kxf2 Bxa5 39. Ke3 e5 40. Kd3 f5 41. h3 Kf7 42. Kc2 e4 43. Kb2 Bb4 44. Kc2 Ke6 45. Kd1 d4 46. Ke2 Ke5 47. g4 f4 48. a5 Bxa5 49. h4 gxh4 50. g5 h3 51. Kf2 d3 52. b4 Bxb4 53. Kg1 d2 54. Kh2 d1Q 55. Kxh3 Qf3+ 56. Kh2 Qg4 57. Kh1 f3 58. Kh2 Qg2# 0-1